Statistics for Disney's Frozen Trivia

Click here to take the quiz!

General Stats

  • This quiz has been taken 95 times
  • The average score is 16 of 20

Answer Stats

HintAnswer% Correct
So who is the other sister?Anna
100%
Which sister had blonde hair?Elsa
100%
What song is sung by the blonde sister as she creates her ice castle?Let It Go
98%
Who is the summer-loving snowman?Olaf
98%
And his reindeer is...Sven
96%
"Do you wanna build a ______,?"Snowman
92%
Who became her boyfriend?Kristoff
91%
Does the little sister like chocolate?Yes
91%
Who was the evil man who wanted the "ice queen" gone?Hans
86%
How old is the younger sister at that time?18
85%
What color dress does the ice queen wear in her ice castle?Blue
85%
Did the snowman melt in the heat?No
76%
What does the older sister wear to contain her ice powers?Gloves
75%
How often did she leave her room? (Always, sometimes, never)Never
74%
How old is the queen when she runs away?21
71%
How does she wear her hair?Braid
71%
"Some people are worth _______ for."Melting
71%
How many years have the gates been closed?13
59%
How did the sisters' parents die?Shipwreck
59%
What did the sisters own thousands of?Salad plates
39%

Score Distribution

Percentile by Number Answered

Percent of People with Each Score

Your Score History

You have not taken this quiz